Studies in the Renaissance of Hinduism in the Nineteenth and 20th Centuries (Record no. 3241)

MARC details
000 -LEADER
fixed length control field 00613nam a2200241 a 4500
020 ## - INTERNATIONAL STANDARD BOOK NUMBER
ISBN
082 00 - DEWEY DECIMAL CLASSIFICATION NUMBER
Classification number 294.5
Author Cutter SHA1
100 ## - MAIN ENTRY--AUTHOR NAME
Author name Sharma, D S
245 ## - TITLE STATEMENT
Title Studies in the Renaissance of Hinduism in the Nineteenth and 20th Centuries
260 ## - PUBLICATION, DISTRIBUTION, ETC. (IMPRINT)
Place of publication Benares
Name of publisher Benares Hindu University
Year of publication 1944
300 ## - PHYSICAL DESCRIPTION
Number of Pages 680p
500 ## - GENERAL NOTE
General note includes index and biblioraphy
505 2# - FORMATTED CONTENTS NOTE
Formatted contents note Index
650 ## - SUBJECT ADDED ENTRY--TOPICAL TERM
Topical Term Hinduism
942 ## - ADDED ENTRY ELEMENTS (KOHA)
Koha item type Books
700 1# -
-- Sharma, D S
Holdings
Home library Current library Date acquired Cost, normal purchase price Full call number Accession Number Koha item type
Henry Martyn Institute Library Henry Martyn Institute Library 07/23/2007 15.00 294.5 SHA1 05900 E-Books
                   Copyright © 2026 | Henry Martyn Institute | Hyderabad | TS-500052 | INDIA | Implemented by hmi.edu.in
Hit-Count:

Powered by Koha